| 000 | 00456nam a2200205Ia 4500 | ||
|---|---|---|---|
| 001 | 13069 | ||
| 003 | GE_BSU | ||
| 008 | 181216s||||||||xx |||||||||||||| ||und|| | ||
| 020 | _a0863076742 | ||
| 040 | _cGE_BSU | ||
| 080 | _a821.111-3 | ||
| 100 | _aCollins,Wilkie. | ||
| 245 | 4 | _aThe woman in white. | |
| 260 | _aLondon. | ||
| 260 | _bMarshall Carendish Ltd. | ||
| 260 | _c1987 | ||
| 300 | _a574p;20cm. | ||
| 653 | _aThe woman in white. | ||
| 942 | _cBK | ||
| 999 |
_c46236 _d46236 |
||